| 000 | 01242cam a2200325 i 4500 | ||
|---|---|---|---|
| 999 |
_c176 _d176 |
||
| 001 | 18846702 | ||
| 003 | GZU | ||
| 005 | 20200707142145.0 | ||
| 008 | 151105s2017 cau b 001 0 eng | ||
| 010 | _a 2015040394 | ||
| 020 | _a9781506305752 (pbk. : alk. paper) | ||
| 040 |
_aDLC _beng _cDLC _erda _dDLC |
||
| 042 | _apcc | ||
| 050 | 0 | 0 |
_aBF636.7.C76 _bR583 2017 |
| 082 | 0 | 0 |
_a158.3 _223 |
| 100 | 1 | _aRobinson, Tracy L. | |
| 245 | 1 | 4 |
_aThe convergence of race, ethnicity, and gender : _bmultiple identities in counseling / _cTracy Robinson-Wood, Northeastern University. |
| 250 | _aFifth Edition. | ||
| 264 | 1 |
_aLos Angeles : _bSAGE Publications, Inc., _c[2017] |
|
| 300 |
_axxiii, 467 pages ; _c24 cm |
||
| 336 |
_atext _2rdacontent |
||
| 337 |
_aunmediated _2rdamedia |
||
| 338 |
_avolume _2rdacarrier |
||
| 500 | _aRevised edition of the author's The convergence of race, ethnicity, and gender, 2013. | ||
| 504 | _aIncludes bibliographical references (pages 401-441) and indexes. | ||
| 650 | 0 | _aCross-cultural counseling. | |
| 906 |
_a7 _bcbc _corignew _d1 _eecip _f20 _gy-gencatlg |
||
| 942 |
_2lcc _cBK _e5th ed. _h637.7 _iROB _kBF _m2016 |
||